Normal view
MARC view
- النظام الاسرائيلي -تاريخ، انهماك المدنيين والعسكريين الاسرائيلين- تاريخ
Entry Topical Term
001 - CONTROL NUMBER
- control field: 19285
003 - CONTROL NUMBER IDENTIFIER
- control field: JO-AjAnu
005 - DATE AND TIME OF LATEST TRANSACTION
- control field: 20230606073355.0
008 - FIXED-LENGTH DATA ELEMENTS
- fixed length control field: 230606|| aca||aabn | a|a d
040 ## - CATALOGING SOURCE
- Original cataloging agency: JO-AjAnu
- Transcribing agency: JO-AjAnu
150 ## - HEADING--TOPICAL TERM
- Topical term or geographic name entry element: النظام الاسرائيلي -تاريخ، انهماك المدنيين والعسكريين الاسرائيلين- تاريخ
670 ## - SOURCE DATA FOUND
- Source citation: Work cat.: (JO-AjAnu)9901: تاليف مانير، يهودا؛ ترجمة الرز، مصطفى, author 19284, العلاقات المدنية - العسكرية في إسرائيل